Notársky centrálny register záložných práv
Vymedzenie Notárskeho centrálneho registra záložných práv podľa zákona č. 526/2002 z.z. ktorým sa mení a dopĺňa Občiansky zákonník v znení neskorších predpisov a doplnení.
Gespeichert in:
| 1. Verfasser: | |
|---|---|
| Format: | Buchkapitel |
| Sprache: | Slowakisch |
| Schlagworte: | |
| Tags: |
Keine Tags, Fügen Sie das erste Tag hinzu!
|
MARC
| LEADER | 00000naa a2200000 4500 | ||
|---|---|---|---|
| 001 | r047744 | ||
| 005 | 20231002123931.0 | ||
| 041 | 0 | |a slo | |
| 044 | |a SK | ||
| 245 | 1 | 0 | |a Notársky centrálny register záložných práv |c Anna Schultzová |
| 520 | |a Vymedzenie Notárskeho centrálneho registra záložných práv podľa zákona č. 526/2002 z.z. ktorým sa mení a dopĺňa Občiansky zákonník v znení neskorších predpisov a doplnení. | ||
| 610 | 2 | 0 | |a registre |
| 610 | 2 | 0 | |a notárstvo |
| 610 | 2 | 0 | |a zákonník občiansky |
| 610 | 2 | 0 | |a osoby fyzické |
| 610 | 2 | 0 | |a osoby právnické |
| 610 | 2 | 0 | |a zákony |
| 610 | 2 | 0 | |a úpravy právne |
| 610 | 2 | 0 | |a Slovensko |
| 610 | 2 | 0 | |a právo záložné |
| 100 | 1 | |a Schultzová, Anna | |